00602nam a2200193Ia 4500003000900000008004100009020001800050040001600068080001500084245004900099260003500148300001600183650004100199650001800240700003000258942000700288999001500295952009800310IN-BaIIA211028s9999 xx 000 0 eng d a0-89158-444-7 cIIA Library a523.9bTHE 4aThe new solar physicscedited by John A Eddy aColoradobWestview Pressc1978 axxii, 214p. aAstronomy and astrophysics thesaurus aSolar physics aEddy, John A., ed.911342 cBK c6624d6624 00104070aBANbBANcGENd1980-10-09l0o523.9/ THEp7366r2021-11-05w1980-10-09yBKG19.99